[Event "Open Est 2013-2014"]
[Site "Salle Lakanal Aubagne"]
[Date "2014.04.12"]
[Round "8.41"]
[White "Timoner, Genevieve"]
[Black "Yahia Amar, Pierre"]
[Result "0-1"]
[WhiteElo "1499"]
[BlackElo "1010"]
[PlyCount "78"]
[EventDate "2014.??.??"]

1. c4 c5 2. Nc3 e5 3. d3 Nc6 4. Nf3 Be7 5. g3 Nf6 6. Bg2 O-O 7. O-O Nd4 8. Bd2
d6 9. a3 Nb3 10. Qxb3 Qb6 11. Qc2 Rd8 12. Rab1 d5 13. Na4 Qc6 14. b4 cxb4 15.
Bxb4 Bxb4 16. Nxe5 Qe6 17. Nf3 Bxa3 18. Nd4 Qd6 19. Rb3 Bc5 20. Nxc5 Qxc5 21.
Qc3 a5 22. Rb5 Qd6 23. Rfb1 dxc4 24. Qxc4 Qxd4 25. Qc7 Kf8 26. Bxb7 Bxb7 27.
Rxb7 Rd7 28. Rd1 Rxc7 29. Rxc7 Qd5 30. Rcc1 a4 31. Ra1 a3 32. Rdc1 Ke7 33. Rd1
Nd7 34. e4 Qg5 35. f4 Qg4 36. Kg2 Rb8 37. h3 Qe2+ 38. Kg1 Rb2 39. g4 Qg2# 0-1

[Event "Open Est 2013-2014"]
[Site "Salle Lakanal Aubagne"]
[Date "2014.05.10"]
[Round "9.1"]
[White "Benezra, Amos"]
[Black "Ulloa, Philippe"]
[Result "1/2-1/2"]
[WhiteElo "1748"]
[BlackElo "1426"]
[PlyCount "81"]
[EventDate "2014.??.??"]

1. e4 e5 2. Nf3 d6 3. d4 exd4 4. Nxd4 c5 5. Nf3 Bg4 6. Nc3 Nc6 7. h3 Bh5 8. Bf4
Nf6 9. Bb5 a6 10. Bxc6+ bxc6 11. O-O Be7 12. Qd3 Bxf3 13. Qxf3 O-O 14. Rad1 Qc7
15. Rfe1 Nd7 16. Qd3 Rfd8 17. Bxd6 Bxd6 18. Qxd6 Qb6 19. Na4 Qb5 20. b3 Rac8
21. Rd2 Qa5 22. Red1 Nf8 23. Qxd8 Rxd8 24. Rxd8 g6 25. Rc8 Qb5 26. Rdd8 Kg7 27.
Rxf8 h5 28. e5 Qe2 29. Rg8+ Kh6 30. f4 Qe3+ 31. Kh1 Qxf4 32. Rh8+ Kg5 33. Rce8
Qf1+ 34. Kh2 Qf4+ 35. Kg1 Qc1+ 36. Kf2 Qxc2+ 37. Kg3 Qd3+ 38. Kh2 Kf4 39. Rhf8
Qg3+ 40. Kg1 Qe1+ 41. Kh2 1/2-1/2

[Event "Open Est 2013-2014"]
[Site "Salle Lakanal Aubagne"]
[Date "2014.05.10"]
[Round "9.2"]
[White "Ollier, Laurent"]
[Black "Crapon, Laurent"]
[Result "1/2-1/2"]
[WhiteElo "1525"]
[BlackElo "1763"]
[PlyCount "37"]
[EventDate "2014.??.??"]

1. c4 e5 2. Nc3 Nf6 3. g3 Bc5 4. Bg2 Nc6 5. d3 d6 6. Nf3 O-O 7. O-O h6 8. Nd2
a6 9. a3 Bg4 10. b4 Bd4 11. Bb2 Rc8 12. Rb1 Qd7 13. Qe1 Bh3 14. e3 Bb6 15. Nde4
Nxe4 16. Nxe4 Bxg2 17. Kxg2 Qg4 18. Nc3 f5 19. Qd1 1/2-1/2

[Event "Open Est 2013-2014"]
[Site "Salle Lakanal Aubagne"]
[Date "2014.05.10"]
[Round "9.3"]
[White "Fournier, Alain"]
[Black "Derige Kane, Yan"]
[Result "0-1"]
[WhiteElo "1580"]
[BlackElo "1645"]
[PlyCount "116"]
[EventDate "2014.??.??"]

1. d4 d5 2. Nf3 Nf6 3. Bf4 e6 4. e3 Be7 5. Nbd2 O-O 6. Bd3 b6 7. Ne5 Bb7 8. Qf3
Nbd7 9. Qh3 c5 10. c3 c4 11. Bc2 Re8 12. Ndf3 Ne4 13. Nxd7 Qxd7 14. Ne5 Qd8 15.
f3 Nf6 16. g4 g6 17. Ba4 b5 18. Bxb5 Rf8 19. Bh6 Qb6 20. Bxf8 Bxf8 21. g5 Nh5
22. Bd7 Qxb2 23. O-O Qxc3 24. Rfe1 Bc8 25. Bxc8 Rxc8 26. Ng4 Be7 27. Rec1 Qa3
28. Qh4 Qd3 29. Rab1 Qa3 30. Rc2 Qa4 31. Rb3 Kg7 32. Nf6 Bxf6 33. gxf6+ Nxf6
34. Rbc3 Rb8 35. Qg3 Rb1+ 36. Kg2 Ra1 37. Qf2 Rb1 38. Qe2 Qb5 39. e4 Nh5 40.
Qd2 Qb8 41. e5 Rb6 42. Qg5 Qb7 43. f4 Rb2 44. Qg4 Qb4 45. Kf1 Rxa2 46. Rc1 Rxh2
47. Rh3 Rxh3 48. Qxh3 Qb2 49. Qc3 Qh2 50. Qf3 Ng3+ 51. Ke1 Ne2 52. Qxe2 Qg1+
53. Qf1 Qe3+ 54. Qe2 Qxc1+ 55. Qd1 Qxd1+ 56. Kxd1 h5 57. Ke2 h4 58. Kf3 h3 0-1

[Event "Open Est 2013-2014"]
[Site "Salle Lakanal Aubagne"]
[Date "2014.05.10"]
[Round "9.4"]
[White "Telouk, Olivier"]
[Black "Salvi, Michel"]
[Result "1-0"]
[WhiteElo "1538"]
[BlackElo "1639"]
[PlyCount "93"]
[EventDate "2014.??.??"]

1. c4 g6 2. d4 Bg7 3. Nf3 d5 4. Bf4 Nf6 5. e3 O-O 6. Nc3 a6 7. Qb3 c6 8. c5
Nbd7 9. Ne5 Re8 10. Be2 Nxe5 11. Bxe5 Qd7 12. O-O Qf5 13. Rad1 Bh6 14. Bd3 Qe6
15. Rfe1 Ng4 16. Bg3 f5 17. e4 f4 18. exd5 Qf6 19. dxc6+ Kh8 20. Ne4 Qxc6 21.
Bh4 Be6 22. Bc4 Bf5 23. Bd5 Qc7 24. Qxb7 Qa5 25. Qb6 Qxb6 26. cxb6 Rab8 27. b7
Bxe4 28. Rxe4 g5 29. Rde1 Nf6 30. Bc6 Nxe4 31. Bxe8 Rxe8 32. Rxe4 gxh4 33. Re6
Kg7 34. Rxa6 Rb8 35. Rb6 f3 36. gxf3 Bd2 37. a4 Ba5 38. Rb5 Kf6 39. Rxa5 Rxb7
40. Rb5 Ra7 41. a5 Ke6 42. b4 Kd7 43. Rh5 Kc6 44. b5+ Kd6 45. b6 Ra8 46. b7 Rb8
47. a6 1-0

[Event "Open Est 2013-2014"]
[Site "Salle Lakanal Aubagne"]
[Date "2014.05.10"]
[Round "9.5"]
[White "Batalov, Azat"]
[Black "Velut, Pierre-Marie"]
[Result "1-0"]
[WhiteElo "1410"]
[BlackElo "1580"]
[PlyCount "89"]
[EventDate "2014.??.??"]

1. c4 Nf6 2. Nc3 e6 3. d3 d5 4. cxd5 Nxd5 5. Nxd5 exd5 6. Nf3 Bb4+ 7. Bd2 Bxd2+
8. Qxd2 O-O 9. g3 Re8 10. Bg2 c6 11. O-O Nd7 12. Rfe1 Nf6 13. Qc2 Qb6 14. e4 d4
15. b3 Bg4 16. Qc4 Bxf3 17. Bxf3 Rad8 18. e5 Nd5 19. Bg4 Nc7 20. e6 fxe6 21.
Bxe6+ Kh8 22. Re4 Nxe6 23. Rxe6 Rxe6 24. Qxe6 Qc7 25. Re1 h6 26. f4 Qd7 27. Qe7
b6 28. f5 Qxe7 29. Rxe7 Ra8 30. g4 Kg8 31. h4 Kf8 32. Rb7 Ke8 33. Rxg7 Kf8 34.
Rh7 Kg8 35. Rxh6 Re8 36. Rxc6 Re3 37. Rg6+ Kf7 38. h5 Rxd3 39. h6 Rh3 40. Kg2
Rh4 41. Kf2 Rh2+ 42. Kf1 b5 43. g5 Rh4 44. Rg7+ Ke8 45. h7 1-0

[Event "Open Est 2013-2014"]
[Site "Salle Lakanal Aubagne"]
[Date "2014.05.10"]
[Round "9.6"]
[White "Gauci Schacre, Jeremy"]
[Black "Cocordano, Claire"]
[Result "1/2-1/2"]
[WhiteElo "1387"]
[BlackElo "1514"]
[PlyCount "87"]
[EventDate "2014.??.??"]

1. e4 d6 2. Nf3 Nf6 3. Nc3 c5 4. Bc4 g6 5. d3 Bg7 6. h3 a6 7. a4 Nc6 8. O-O Bd7
9. Re1 O-O 10. Bf4 Na5 11. Bb3 Nxb3 12. cxb3 b5 13. axb5 axb5 14. e5 dxe5 15.
Rxa8 Qxa8 16. Nxe5 b4 17. Nxd7 Nxd7 18. Na4 e5 19. Be3 Qc6 20. Qd2 Rc8 21. Rc1
Qb5 22. f3 f5 23. Qe1 f4 24. Bd2 Rd8 25. Qe4 Nf6 26. Qxe5 Qxd3 27. Bxf4 Qxb3
28. Re1 Qxa4 29. Qxc5 b3 30. g4 Qd4+ 31. Be3 Qxc5 32. Bxc5 Rc8 33. Bb4 Nd5 34.
Ba3 Bd4+ 35. Kh1 Ne3 36. Kh2 Rc2+ 37. Kh1 Rg2 38. Rxe3 Bxe3 39. Kxg2 Kf7 40.
Kf1 Ke6 41. Ke2 Bg5 42. Kd3 Kf6 43. Bd6 Bf4 44. Bxf4 1/2-1/2

[Event "Open Est 2013-2014"]
[Site "Salle Lakanal Aubagne"]
[Date "2014.05.10"]
[Round "9.8"]
[White "Roche, Alain"]
[Black "Vialette, Eric"]
[Result "0-1"]
[WhiteElo "1449"]
[BlackElo "1681"]
[PlyCount "114"]
[EventDate "2014.??.??"]

1. e4 d6 2. d4 Nf6 3. Bd3 g6 4. h3 Bg7 5. c3 c5 6. d5 Nbd7 7. Bf4 Ne5 8. Bxe5
dxe5 9. Nf3 Qc7 10. O-O a6 11. a4 Nh5 12. Na3 Nf4 13. Nc4 O-O 14. a5 Nxd3 15.
Qxd3 Bd7 16. Nb6 Rad8 17. c4 f5 18. Rad1 fxe4 19. Qxe4 Bf5 20. Qe2 h6 21. d6
exd6 22. Nd5 Qxa5 23. Nh4 Rd7 24. g4 Qd8 25. Nxf5 gxf5 26. Rd3 f4 27. Rf3 Qg5
28. Rb1 h5 29. Kf1 hxg4 30. hxg4 Qxg4 31. Qe4 Qf5 32. Nc3 Qxe4 33. Nxe4 Rf5 34.
Rd1 Bf8 35. Nxc5 Rh7 36. Ne4 Rh1+ 37. Ke2 Rxd1 38. Kxd1 Rf7 39. Kc2 Rc7 40. Kd3
Be7 41. b3 Kf7 42. Nc3 Rc8 43. Nd5 Rh8 44. Ke4 Bd8 45. b4 Ke6 46. c5 Rh1 47.
Rd3 Re1+ 48. Kf3 Rh1 49. Kg2 Rh7 50. cxd6 Rd7 51. Nc7+ Bxc7 52. dxc7 Rxc7 53.
Kf3 Rc4 54. Rb3 Kd5 55. b5 a5 56. b6 Kc5 57. Kg2 Rb4 0-1

[Event "Open Est 2013-2014"]
[Site "Salle Lakanal Aubagne"]
[Date "2014.05.10"]
[Round "9.9"]
[White "Benvenuto, Richard"]
[Black "Hunault, Francis"]
[Result "1/2-1/2"]
[WhiteElo "1400"]
[BlackElo "1650"]
[PlyCount "112"]
[EventDate "2014.??.??"]

1. c4 e5 2. Nc3 Bc5 3. d3 Nf6 4. Nf3 d6 5. g3 O-O 6. Bg2 Bg4 7. O-O c6 8. a3 a5
9. Bd2 Nbd7 10. Na4 Ba7 11. b4 Bb8 12. bxa5 e4 13. Ng5 exd3 14. f3 dxe2 15.
Qxe2 Bh5 16. Qf2 Ne5 17. c5 Nd3 18. Qd4 dxc5 19. Qxd8 Rxd8 20. Nb6 Ra6 21. Be3
Rxa5 22. Rfd1 h6 23. Nh3 Bc7 24. Nc4 Ra4 25. Nb2 Nxb2 26. Rxd8+ Bxd8 27. Rb1
Nc4 28. Bxc5 b5 29. Nf4 Nxa3 30. Bxa3 Rxa3 31. Nxh5 Nxh5 32. f4 Ra6 33. Rd1 Be7
34. Rd7 Kf8 35. Rc7 c5 36. Rc8+ Bd8 37. Rxd8+ Ke7 38. Rd5 Nf6 39. Rxc5 Rb6 40.
Kf2 Kd6 41. Rc1 b4 42. Ke3 b3 43. Kd2 Nd7 44. Rb1 Nc5 45. Kc3 Na4+ 46. Kc4 b2
47. Be4 Rb8 48. Bc2 Rc8+ 49. Kb3 Nc5+ 50. Kxb2 Rb8+ 51. Kc1 Rxb1+ 52. Kxb1 Kd5
53. Kc1 f6 54. Kd2 g5 55. Ke3 Ne6 56. Bf5 Ng7 1/2-1/2

[Event "Open Est 2013-2014"]
[Site "Salle Lakanal Aubagne"]
[Date "2014.05.10"]
[Round "9.10"]
[White "Benezra, David"]
[Black "Gallo, Nicolas"]
[Result "1-0"]
[WhiteElo "1400"]
[BlackElo "1640"]
[PlyCount "61"]
[EventDate "2014.??.??"]

1. e4 e5 2. d4 exd4 3. Qxd4 Nc6 4. Qe3 b6 5. Nc3 Qf6 6. Nd5 Qd8 7. Bd2 Nf6 8.
Nc3 Ng4 9. Qf4 d6 10. Bb5 Bd7 11. Bxc6 Rc8 12. Bxd7+ Qxd7 13. f3 Ne5 14. O-O-O
Be7 15. Nd5 Bd8 16. Ne2 c6 17. Ne3 Qe6 18. Kb1 b5 19. Nf5 Bf6 20. Bc3 Rd8 21.
g4 g6 22. g5 gxf5 23. gxf6 Qc4 24. Ng3 Ng6 25. Qxf5 b4 26. Bd2 O-O 27. Qh5 Kh8
28. Nf5 a5 29. Bh6 Rfe8 30. Bg7+ Kg8 31. Nh6# 1-0

[Event "Open Est 2013-2014"]
[Site "Salle Lakanal Aubagne"]
[Date "2014.05.10"]
[Round "9.11"]
[White "Cavanihac, Claude"]
[Black "Frontera, Pierre"]
[Result "1-0"]
[WhiteElo "1558"]
[BlackElo "1390"]
[PlyCount "92"]
[EventDate "2014.??.??"]

1. e4 c5 2. Nf3 Nc6 3. c3 e5 4. Bc4 h6 5. a3 Nf6 6. d3 a6 7. O-O d6 8. h3 Be7
9. Ne1 b5 10. Ba2 Bb7 11. f4 O-O 12. Nf3 Qc7 13. Be3 Nd8 14. Nbd2 Nd7 15. Rc1
Nb6 16. d4 c4 17. fxe5 d5 18. Bb1 a5 19. Bf4 Ne6 20. Bh2 Qc6 21. Qc2 Bg5 22.
exd5 Be3+ 23. Kh1 Ng5 24. Nxg5 Qg6 25. Qxg6 fxg6 26. Ngf3 Bxd5 27. Rce1 Bf4 28.
Be4 Bxd2 29. Bxd5+ Nxd5 30. Nxd2 Rfe8 31. Ne4 g5 32. Nd6 Reb8 33. e6 Ra7 34.
Re5 Nf6 35. Rxb5 Rxb5 36. Nxb5 Rb7 37. a4 Re7 38. Re1 Ne8 39. d5 g6 40. d6 Nxd6
41. Bxd6 Kf8 42. Bxe7+ Kxe7 43. Nd4 h5 44. Re5 g4 45. hxg4 h4 46. Rxa5 Kf6 1-0

[Event "Open Est 2013-2014"]
[Site "Salle Lakanal Aubagne"]
[Date "2014.05.10"]
[Round "9.12"]
[White "Rasolo, Loick"]
[Black "Gamblin, Thibaut"]
[Result "1/2-1/2"]
[WhiteElo "1361"]
[BlackElo "1500"]
[PlyCount "86"]
[EventDate "2014.??.??"]

1. d4 d5 2. Nf3 Nf6 3. e3 Bf5 4. c4 c6 5. Nc3 e6 6. Be2 h6 7. O-O Nbd7 8. Re1
Bd6 9. c5 Bc7 10. h3 Ne4 11. Bd2 O-O 12. b4 Ndf6 13. Nh4 Bh7 14. Bd3 Nxc3 15.
Bxc3 Ne4 16. Bxe4 Bxe4 17. Nf3 Qf6 18. Ne5 Qg5 19. Qg4 Qxg4 20. Nxg4 f6 21. f3
Bf5 22. Nf2 Rae8 23. e4 Bg6 24. a4 f5 25. e5 f4 26. b5 Re7 27. Bb4 Rd7 28. Nd1
a5 29. Bd2 cxb5 30. axb5 b6 31. c6 Rdf7 32. Ra3 Bh7 33. Nf2 h5 34. Nd3 g5 35.
Nf2 Bf5 36. Kh2 h4 37. Nd1 Ra8 38. Bb4 Kh7 39. Bd6 Rd8 40. Rc3 Kg6 41. Nb2 Rb8
42. Na4 Kh5 43. Ra1 Bg6 1/2-1/2

[Event "Open Est 2013-2014"]
[Site "Salle Lakanal Aubagne"]
[Date "2014.05.10"]
[Round "9.13"]
[White "Brongers, Claudine"]
[Black "Alquier, Matthieu"]
[Result "1-0"]
[WhiteElo "1220"]
[BlackElo "1599"]
[PlyCount "29"]
[EventDate "2014.??.??"]

1. e4 b6 2. d4 Bb7 3. Bd3 f5 4. exf5 Bxg2 5. Qh5+ g6 6. fxg6 Bg7 7. gxh7+ Kf8
8. Nf3 Nf6 9. Qg6 Bxf3 10. Rg1 Rxh7 11. Qg3 Be4 12. Bxe4 Nxe4 13. Qf3+ Ke8 14.
Qxe4 Rxh2 15. Qg6+ 1-0

[Event "Open Est 2013-2014"]
[Site "Salle Lakanal Aubagne"]
[Date "2014.05.10"]
[Round "9.14"]
[White "Blanc, Maxime"]
[Black "Benezra, Esther"]
[Result "1-0"]
[WhiteElo "1199"]
[BlackElo "1484"]
[PlyCount "81"]
[EventDate "2014.??.??"]

1. c4 e5 2. Nc3 Nf6 3. d3 d5 4. e3 d4 5. exd4 exd4 6. Ne4 Bb4+ 7. Bd2 Bxd2+ 8.
Qxd2 Nxe4 9. dxe4 c5 10. Nf3 O-O 11. b4 b6 12. b5 Re8 13. Bd3 Bb7 14. Qc2 f5
15. Nd2 Qh4 16. O-O fxe4 17. Nxe4 Qg4 18. f3 Qe6 19. Rae1 Nd7 20. Re2 Qh6 21.
Rfe1 Bxe4 22. Bxe4 Ne5 23. Bxa8 d3 24. Qd2 dxe2 25. Qxh6 gxh6 26. Bd5+ Kf8 27.
Rxe2 Nf7 28. Rxe8+ Kxe8 29. Bxf7+ Kxf7 30. Kf2 Ke6 31. Ke3 Ke5 32. f4+ Ke6 33.
Ke4 Kf6 34. g4 h5 35. gxh5 h6 36. h4 Ke6 37. f5+ Kf6 38. Kf4 Kf7 39. Ke5 Ke7
40. f6+ Kd7 41. Kf5 1-0

[Event "Open Est 2013-2014"]
[Site "Salle Lakanal Aubagne"]
[Date "2014.05.10"]
[Round "9.15"]
[White "Vicari-Vento, Salvatore"]
[Black "Strate, Francois"]
[Result "1-0"]
[WhiteElo "1471"]
[BlackElo "1385"]
[PlyCount "81"]
[EventDate "2014.??.??"]

1. e4 e6 2. d4 d5 3. e5 c5 4. c3 Nc6 5. Nf3 Qb6 6. Bd3 Bd7 7. dxc5 Bxc5 8. O-O
Nge7 9. b4 Nxb4 10. cxb4 Bxb4 11. Be3 Qc7 12. Qc2 Qa5 13. Bd2 Bxd2 14. Qxd2 Qd8
15. Nc3 a6 16. Ng5 Qa5 17. Rfd1 g6 18. Ne2 Qd8 19. Qf4 Nf5 20. Bxf5 gxf5 21.
Nf3 Bc6 22. Ned4 Ba4 23. Rdc1 Rc8 24. Rxc8 Qxc8 25. Nxf5 exf5 26. Qxa4+ Kf8 27.
Qd1 Qd7 28. Qd2 h6 29. Rd1 Kg7 30. Qxd5 Qc7 31. Qd4 Kh7 32. Qf4 Qc2 33. Qd2
Qxd2 34. Rxd2 Rc8 35. h3 Kg7 36. g3 Rc5 37. Re2 b5 38. Nd4 Kg6 39. e6 fxe6 40.
Rxe6+ Kg7 41. Rxa6 1-0

[Event "Open Est 2013-2014"]
[Site "Salle Lakanal Aubagne"]
[Date "2014.05.10"]
[Round "9.16"]
[White "Leadbetter, Peter"]
[Black "Cotton, Paul"]
[Result "1-0"]
[WhiteElo "1470"]
[BlackElo "1400"]
[PlyCount "131"]
[EventDate "2014.??.??"]

1. d4 Nf6 2. c4 g6 3. Nc3 Bg7 4. e4 d6 5. Nf3 O-O 6. Be2 Na6 7. O-O c5 8. e5
dxe5 9. dxe5 Ng4 10. Qxd8 Rxd8 11. Bf4 Nb4 12. h3 Nh6 13. Bg5 Nc6 14. Nd5 Nf5
15. g4 h6 16. gxf5 hxg5 17. fxg6 f6 18. exf6 exf6 19. h4 Nd4 20. Rfe1 Nc2 21.
Red1 Re8 22. Nc7 Rxe2 23. Nxa8 Nxa1 24. Rd8+ Bf8 25. Rxc8 g4 26. Nh2 f5 27. h5
Re6 28. Nc7 Rc6 29. Nf1 Nc2 30. Ng3 Nd4 31. g7 Kxg7 32. Ne8+ Kf7 33. Rxc6 Nxc6
34. Nc7 Nd4 35. Nb5 a6 36. Nxd4 cxd4 37. Nxf5 d3 38. Kf1 Kf6 39. Ng3 Ke5 40.
Ke1 Kd4 41. b3 Kc3 42. Kd1 d2 43. Nf5 Kb2 44. h6 Bxh6 45. Nxh6 Kxa2 46. Kxd2
Kxb3 47. Kd3 a5 48. Nxg4 a4 49. Ne3 Kb4 50. f4 Kc5 51. Kc3 a3 52. Kb3 a2 53.
Kxa2 b5 54. cxb5 Kxb5 55. f5 Kc6 56. Kb3 Kd6 57. Kc4 Ke7 58. Kd5 Kf6 59. Kd6
Kf7 60. Ke5 Ke7 61. Nd5+ Kf7 62. f6 Kf8 63. Ke6 Ke8 64. f7+ Kf8 65. Nf6 Kg7 66.
Ke7 1-0

[Event "Open Est 2013-2014"]
[Site "Salle Lakanal Aubagne"]
[Date "2014.05.10"]
[Round "9.17"]
[White "Benezra, Silke"]
[Black "San-Nicolas, Robert"]
[Result "0-1"]
[WhiteElo "1480"]
[BlackElo "1550"]
[PlyCount "98"]
[EventDate "2014.??.??"]

1. Nf3 g6 2. d4 Bg7 3. c4 d6 4. e3 Bg4 5. Be2 Nf6 6. Nc3 Nbd7 7. O-O c5 8. Qb3
Qc7 9. Bd2 O-O 10. Rac1 a6 11. a4 b5 12. Rfe1 e5 13. Qc2 Rfe8 14. Ne4 Nxe4 15.
Qxe4 Bf5 16. Qh4 exd4 17. exd4 cxd4 18. Nxd4 Re4 19. Nxf5 Rxh4 20. Nxh4 Bxb2
21. Rcd1 Nc5 22. Bf4 Be5 23. Bh6 Nxa4 24. Bf3 Rd8 25. Bd5 Nc3 26. Rc1 Nxd5 27.
cxd5 Qd7 28. Rc6 Bd4 29. Nf3 Bc5 30. Ng5 Re8 31. Ne4 f5 32. Nf6+ Kf7 33. Rxe8
Kxf6 34. Re6+ Kf7 35. Bg5 a5 36. Re7+ Qxe7 37. Bxe7 Kxe7 38. Rc7+ Kf6 39. Rxh7
b4 40. Kf1 a4 41. Ke2 a3 42. Ra7 Bxa7 43. f4 a2 44. Kf3 a1=Q 45. Kg3 Qa3+ 46.
Kh4 Be3 47. g3 g5+ 48. fxg5+ Bxg5+ 49. Kh5 Qa8 0-1

[Event "Open Est 2013-2014"]
[Site "Salle Lakanal Aubagne"]
[Date "2014.05.10"]
[Round "9.18"]
[White "Autouard, Jean Luc"]
[Black "Kallenberg, Hardi"]
[Result "1-0"]
[WhiteElo "1350"]
[BlackElo "1470"]
[PlyCount "72"]
[EventDate "2014.??.??"]

1. e4 e6 2. Nf3 d5 3. exd5 exd5 4. Bb5+ Bd7 5. Bxd7+ Nxd7 6. O-O Ngf6 7. d4 Bd6
8. Re1+ Be7 9. Nc3 O-O 10. Qe2 Re8 11. Bd2 c5 12. Ne5 cxd4 13. Nb5 a6 14. Nxd4
Nxe5 15. Qxe5 Bd6 16. Qf5 Ne4 17. Be3 Re5 18. Qg4 Qf6 19. f4 h5 20. fxe5 Bxe5
21. Qxh5 Bxd4 22. Qf3 Qb6 23. Rad1 Bxe3+ 24. Rxe3 Rd8 25. Kh1 Qe6 26. c3 f5 27.
h4 Rf8 28. Qf4 Qc6 29. Rd4 b5 30. Red3 Qb6 31. Kh2 g5 32. hxg5 Qg6 33. Rxd5
Qh5+ 34. Rh3 Qe2 35. Rxf5 Rd8 36. Qh4 Kg7 1-0

[Event "Open Est 2013-2014"]
[Site "Salle Lakanal Aubagne"]
[Date "2014.05.10"]
[Round "9.19"]
[White "Periale, Albert"]
[Black "Reynaud, Jacques"]
[Result "1-0"]
[WhiteElo "1340"]
[BlackElo "1413"]
[PlyCount "39"]
[EventDate "2014.??.??"]

1. e4 c6 2. d4 d5 3. e5 c5 4. c3 Nc6 5. Nf3 Bf5 6. Be3 e6 7. Nbd2 h6 8. dxc5 a5
9. Bb5 Nge7 10. Nb3 Qc7 11. a4 Bh7 12. O-O Nf5 13. Bd2 Be7 14. Rc1 O-O 15. Re1
Nh4 16. Bf4 Rad8 17. Bd3 Nf5 18. Qc2 g5 19. Bd2 Kg7 20. g4 1-0

[Event "Open Est 2013-2014"]
[Site "Salle Lakanal Aubagne"]
[Date "2014.05.10"]
[Round "9.20"]
[White "Benezra, Ruthy"]
[Black "Moerenhout, Jean Claude"]
[Result "1-0"]
[WhiteElo "1311"]
[BlackElo "1410"]
[PlyCount "113"]
[EventDate "2014.??.??"]

1. e4 e5 2. Nf3 Nc6 3. Bc4 Nf6 4. Nc3 Bc5 5. h3 O-O 6. d3 d6 7. Bg5 Be6 8. Bxe6
fxe6 9. Qd2 Bb4 10. a3 Ba5 11. O-O Nd4 12. Nh4 Qe8 13. b4 Bb6 14. a4 c5 15.
bxc5 Bxc5 16. Nb5 Nxb5 17. axb5 Qxb5 18. Rfb1 Qd7 19. c4 d5 20. Nf3 dxc4 21.
Nxe5 Qd4 22. Nxc4 b5 23. Na5 Nxe4 24. dxe4 Rxf2 25. Qxd4 Bxd4 26. Bc1 Re2+ 27.
Kh2 Be5+ 28. Kg1 Bxa1 29. Rxa1 Rxe4 30. Bb2 Ra4 31. Rxa4 bxa4 32. Ba3 e5 33.
Kf2 Rc8 34. Nb7 e4 35. Nc5 Re8 36. Ke3 g6 37. Nxa4 Re5 38. Nc5 Kf7 39. Nxe4 a5
40. Kd4 Ke6 41. Nc5+ Kf5 42. g4+ Kg5 43. Kxe5 Kh4 44. Kf4 g5+ 45. Kf3 Kxh3 46.
Ne4 Kh4 47. Nf6 h6 48. Bf8 a4 49. Bxh6 a3 50. Bg7 a2 51. Nd5 Kh3 52. Nb4 Kh4
53. Nxa2 Kh3 54. Nc1 Kh4 55. Nd3 Kh3 56. Ne5 Kh4 57. Nf7 1-0

[Event "Open Est 2013-2014"]
[Site "Salle Lakanal Aubagne"]
[Date "2014.05.10"]
[Round "9.22"]
[White "Pouliquen, Gilbert"]
[Black "Rieu, Jean"]
[Result "1-0"]
[WhiteElo "1290"]
[BlackElo "1300"]
[PlyCount "106"]
[EventDate "2014.??.??"]

1. e4 b6 2. d4 e6 3. Nf3 Bb7 4. Bd3 Nf6 5. Nc3 Bb4 6. Qe2 Nc6 7. O-O Bxc3 8.
bxc3 Ne7 9. e5 Nfd5 10. Bd2 Ng6 11. Bxg6 hxg6 12. c4 Ne7 13. Bg5 d6 14. d5 Qd7
15. exd6 Qxd6 16. Rfd1 O-O-O 17. Bxe7 Qxe7 18. Qe3 Rh5 19. Ne5 Rdh8 20. h3 Rxe5
21. Qxe5 f6 22. Qxe6+ Qxe6 23. dxe6 Bc6 24. e7 Kb7 25. Rd8 Rh4 26. Re1 Rxc4 27.
e8=Q Bxe8 28. Rexe8 Rxc2 29. Rb8+ Ka6 30. Re7 Rxa2 31. Rxc7 Ra1+ 32. Kh2 g5 33.
Rxg7 Ra2 34. f3 Ra4 35. Rbb7 Kb5 36. Rxa7 Rf4 37. Ra3 Kb4 38. Re3 b5 39. Ra7 g4
40. hxg4 f5 41. g5 Rh4+ 42. Kg1 f4 43. Rea3 Rh5 44. g6 Rg5 45. g7 Rxg7 46. Rxg7
Kxa3 47. Re7 b4 48. Ra7+ Kb3 49. Ra1 Kc3 50. Kf2 b3 51. g3 b2 52. Rb1 Kc2 53.
Rxb2+ Kxb2 1-0

[Event "Open Est 2013-2014"]
[Site "Salle Lakanal Aubagne"]
[Date "2014.05.10"]
[Round "9.23"]
[White "Evanno, Georges"]
[Black "Gamblin, Vincent"]
[Result "0-1"]
[WhiteElo "1330"]
[BlackElo "1480"]
[PlyCount "94"]
[EventDate "2014.??.??"]

1. e4 c5 2. Bc4 Nc6 3. c3 Nf6 4. d3 g6 5. Bb3 Bg7 6. Nf3 d6 7. O-O O-O 8. Nbd2
b5 9. Re1 b4 10. Nf1 bxc3 11. bxc3 Ng4 12. Bb2 Nge5 13. Ng5 Ba6 14. Bc2 Rb8 15.
Bc1 Qa5 16. Bd2 Nxd3 17. c4 Qa3 18. Re3 Bxc4 19. Bxd3 Bxd3 20. Rh3 Bxa1 21.
Nxh7 Rb1 22. Qxb1 Bxb1 23. Rxa3 Kxh7 24. Rh3+ Kg7 25. Bh6+ Kg8 26. Bxf8 Kxf8
27. Nd2 Bxa2 28. Nf3 f6 29. Rh8+ Bg8 30. Nd2 Kg7 31. Rh3 g5 32. Ra3 Bd4 33. Ra6
Bc3 34. Nf3 Nd4 35. Rxa7 Nxf3+ 36. gxf3 Kf7 37. Kg2 Ke6 38. Kg3 Bf7 39. h4 Bh5
40. hxg5 fxg5 41. Ra2 Be5+ 42. Kg2 c4 43. Ra4 c3 44. Rc4 d5 45. Rc6+ Kd7 46.
exd5 Bf7 47. f4 Bxd5+ 0-1

[Event "Open Est 2013-2014"]
[Site "Salle Lakanal Aubagne"]
[Date "2014.05.10"]
[Round "9.24"]
[White "Pietrac, Christian"]
[Black "Gomez, Guy"]
[Result "1/2-1/2"]
[WhiteElo "1250"]
[BlackElo "1663"]
[PlyCount "92"]
[EventDate "2014.??.??"]

1. d4 d5 2. c4 c6 3. e3 Nf6 4. Nd2 Bf5 5. h3 Qc7 6. g4 Bg6 7. h4 Be4 8. Rh3 h5
9. g5 Nfd7 10. f3 Bg6 11. c5 e5 12. b4 Bf5 13. Rh1 exd4 14. e4 Qg3+ 15. Ke2
dxe4 16. Nxe4 Bxe4 17. fxe4 Qg4+ 18. Kd2 Qf4+ 19. Kd3 Qg3+ 20. Kc2 Qc3+ 21. Kb1
Qxb4+ 22. Qb3 Bxc5 23. Qxb4 Bxb4 24. Bb2 c5 25. a3 Ba5 26. Nf3 Nc6 27. Ka2 a6
28. Be2 Nde5 29. Nxe5 Nxe5 30. Rad1 O-O-O 31. Rhf1 b5 32. Rf5 Bc7 33. a4 d3 34.
Bf1 Rhe8 35. Bh3 Kb7 36. Bxe5 Rxe5 37. Rxf7 Kb6 38. Bf5 Rd4 39. a5+ Kc6 40.
Rxg7 Ra4+ 41. Kb2 Rxf5 42. Rg6+ Kb7 43. exf5 Be5+ 44. Kc1 c4 45. f6 Bf4+ 46.
Kb1 Be5 1/2-1/2

[Event "Open Est 2013-2014"]
[Site "Salle Lakanal Aubagne"]
[Date "2014.05.10"]
[Round "9.25"]
[White "Escaillon, Gilbert"]
[Black "Besucco, Guy"]
[Result "0-1"]
[WhiteElo "1130"]
[BlackElo "1470"]
[PlyCount "66"]
[EventDate "2014.??.??"]

1. d4 d5 2. Bf4 e6 3. e3 f5 4. Nc3 c6 5. Nf3 Nf6 6. Bd3 Be7 7. O-O O-O 8. a3
Nbd7 9. b4 Ne4 10. Nxe4 fxe4 11. Be2 exf3 12. Bxf3 Nf6 13. Qd3 Bd6 14. Bxd6
Qxd6 15. e4 dxe4 16. Bxe4 Nxe4 17. Qxe4 Rf4 18. Qe3 Bd7 19. c4 Rxd4 20. Rad1
Rxd1 21. Qe2 Rxf1+ 22. Kxf1 Rf8 23. c5 Qd4 24. f3 Qa1+ 25. Kf2 Qxa3 26. Qe4
Qb2+ 27. Kg3 Qf6 28. h4 e5 29. b5 Qf4+ 30. Qxf4 Rxf4 31. bxc6 Bxc6 32. Kf2 Rxh4
33. g3 Rc4 0-1

[Event "Open Est 2013-2014"]
[Site "Salle Lakanal Aubagne"]
[Date "2014.05.10"]
[Round "9.26"]
[White "Konate, Salma"]
[Black "Mallet, Philippe"]
[Result "0-1"]
[WhiteElo "1329"]
[BlackElo "1320"]
[PlyCount "70"]
[EventDate "2014.??.??"]

1. e4 c5 2. Nf3 d6 3. d4 cxd4 4. Nxd4 g6 5. Nc3 Nf6 6. Bb5+ Bd7 7. O-O Bg7 8.
Bg5 Bxb5 9. Bxf6 Bxf6 10. Ncxb5 Qb6 11. c3 e5 12. Nf5 gxf5 13. Nxd6+ Kf8 14.
Qd5 Qc7 15. Nxb7 Nc6 16. Na5 Rc8 17. Nxc6 Qxc6 18. Qxc6 Rxc6 19. exf5 Kg7 20.
a4 Rd8 21. Rfd1 Rb8 22. Ra2 Rcb6 23. b4 Rc6 24. c4 Rxc4 25. h3 Rbc8 26. Rd7
Rc1+ 27. Kh2 R8c7 28. Rd3 R7c2 29. Rxc2 Rxc2 30. Rd7 Rxf2 31. Rxa7 e4 32. Ra8
Be5+ 33. Kg1 Bg3 34. Rd8 e3 35. Rd1 Ra2 0-1

[Event "Open Est 2013-2014"]
[Site "Salle Lakanal Aubagne"]
[Date "2014.05.10"]
[Round "9.27"]
[White "Ralijaona, Gabriela"]
[Black "Rocchia, Alex"]
[Result "0-1"]
[WhiteElo "1290"]
[BlackElo "1499"]
[PlyCount "84"]
[EventDate "2014.??.??"]

1. e4 c5 2. Nf3 Nc6 3. d4 cxd4 4. Nxd4 g6 5. Nc3 Bg7 6. Nf3 Nf6 7. Bg5 O-O 8.
Bc4 h6 9. Bxf6 Bxf6 10. O-O d6 11. h3 Qb6 12. Rb1 a6 13. Nd5 Qd8 14. Qd2 Kh7
15. Nxf6+ exf6 16. Rfd1 b5 17. Qxd6 Bb7 18. Bb3 Kg7 19. Qc5 Qe8 20. Rd6 Qxe4
21. Qc3 Qf4 22. Rbd1 Rac8 23. g3 Qf5 24. R1d5 Ne5 25. Nh4 Rxc3 26. Nxf5+ gxf5
27. bxc3 Bxd5 28. Bxd5 Rc8 29. Rxa6 Rxc3 30. f4 Nf3+ 31. Bxf3 Rxf3 32. Kg2 Rc3
33. Ra5 Rxc2+ 34. Kf3 Kg6 35. Rxb5 Rxa2 36. Rb8 Kg7 37. Rb5 Kg6 38. h4 Ra3+ 39.
Kf2 Rc3 40. Kg2 Kh5 41. Rxf5+ Kg4 42. Kf2 Kxf5 0-1